Thalassa, thalassa!: empúries, ciutat grega a Catalunya
Uloženo v:
| Hlavní autor: | |
|---|---|
| Médium: | Kniha |
| Jazyk: | katalánština |
| Vydáno: |
Barcelona, España
Graó
1995
|
| Vydání: | Cuarta edición |
| Edice: | Biblioteca de la Classe,
40 |
| Témata: | |
| Tagy: |
Přidat tag
Žádné tagy, Buďte první, kdo vytvoří štítek k tomuto záznamu!
|
MARC
| LEADER | 00000nam a2200000 a 4500 | ||
|---|---|---|---|
| 001 | UCL6403 | ||
| 003 | CL-VaPUC | ||
| 005 | 20210804001434.0 | ||
| 008 | 040402e19950000SP |||||||||||||||||cat|d | ||
| 999 | |c 308514 |d 308512 | ||
| 020 | |a 8478270183 | ||
| 040 | |c Pontificia Universidad Católica de Valparaíso | ||
| 082 | 0 | 4 | |a 938 HER 1995 |2 21 |
| 100 | |a Hernández Cardona, Francesc Xavier |e author |9 597782 | ||
| 245 | 1 | 0 | |a Thalassa, thalassa!: empúries, ciutat grega a Catalunya |
| 250 | |a Cuarta edición | ||
| 260 | |a Barcelona, España |b Graó |c 1995 | ||
| 300 | |a 64 páginas | ||
| 490 | 0 | |a Biblioteca de la Classe, |v 40 | |
| 583 | |a last modification |c 20040402 00:00:00 |k Rodrigo Vera | ||
| 650 | 0 | |a Historia de Grecia |9 267917 | |
| 650 | 0 | |a Ciudades |9 265474 | |
| 650 | 0 | |a Costumbres y tradiciones |9 268292 | |
| 942 | |c BK |2 ddc | ||
| 945 | |d 20040402 00:00:00 |a cmena | ||
| 952 | |0 0 |1 0 |4 0 |6 938_000000000000000_HER_1995 |7 0 |8 A |9 375089 |a BIBHIS |b BIBHIS |d 2019-11-21 |i 3925609 |o 938 HER 1995 |p 3925609 |r 2023-01-25 |w 2019-11-21 |y BK |k HIS | ||